1747 1670 1406 1128 1344 1122 1749 1883 1293 1709 1354 1251 1988 1679 1912 1730 1250 1982 1279 1051 1372 1419 1406 1021 1069 1395 1979 1708 1274 1969 1512 1845 1097 1419 1936 1000 1646 1429 1721 1751 1180 1214 1793 1125 1308 1252 1793 1583 1925 1267 1474 1168 1687 1171 1047 1199 1068 1387 1335 1929 1607 1464 1279 1289 1049 1063 1824 1642 1829 1920 1735 1104 1532 1665 1003 1511 1774 1009 1021 1256 1855 1594 1551 1190 1048 1256 1227 1586 1852 1627 1844 1465 1112 1671 1773 1205 1246 1306 1034 BCNSPRNW ULIB Ver.6.0+V

เปลี่ยนเป็นภาษาไทย

Change to English
 แสดงรายละเอียดบรรณานุกรม
  กลับหน้าหลัก

Brief Record : Get Marc (ISO 2709) : E-mail record : QR code < ปิดหน้าต่าง
LEADER : 00000nam 2200000uu 4500
001    13399124474
003     ULIB
008    150803s2558||||th 000 0 tha d
020    ^a9786163748256
060 04 ^aWY106^bส743ก
100 0  สุขศิริ ประสมสุข
245 10 ^aการพยาบาลอนามัยชุมชน :^bคู่มือทบทวนสอบใบประกอบวิชาชีพพยาบาล /^cบรรณาธิการ, สุขศิริ ประสมสุข
260    ^aกรุงเทพฯ^bนีโอดิจิตอล;^c2558
300    ^a223 หน้า :^bภาพประกอบ
500    ^aอนามัยชุมชน
505 0  ^a1.การพยาบาลอนามัยชุมชนและระบบบริการสาธารณสุข --2.แผนพัฒนาสุขภาพ --3.วิทยาการระบาด --4.นวัตกรรมและกลวิธี สาธารณสุข --5.กระบวนการพยาบาลอนามัยชุมชน --6. อนามัยครอบครัว --7. อนามัยโรงเรียน --8. อาชีวอนามัย --9.อนามัยสิ่งแวดล้อม --10. การบรรเทาสาธารณสุข
650  4 ^aใบประกอบวิชาชีพ
650  4 ^aการพยาบาล
650  4 ^aสอบใบประกอบวิชาชีพ
650  4 ^aทบทวนใบประกอบวิชาชีพ
650  0 ^aอนามัยชุมชน
945    ^p220^l0^i23026
945    ^p220^l0^i23027
999    ^aทศพร เกษรทอง
รายการนี้ยังไม่มีแท็ก
คุณยังไม่ได้ล็อกอิน คุณสามารถมีกิจกรรมร่วมกับเว็บไซต์ได้ แต่ต้องล็อกอินก่อน ::
  ล็อกอิน

รายการสื่อสารสนเทศ

ลำดับที่ ประเภท เลขเรียก/บาร์โค้ด สถานที่ สถานะ
1. Book การพยาบาล
หนังสือสำรอง
สถานะ=หนังสือสำรอง
WY106 ส743ก ฉ.1 
  Barcode: 23026
ห้องสมุดวิทยาเขตนครสวรรค์
►ส่วนจัดเก็บหนังสือเก่า นว.
บนชั้น
  ขอยืม
2. Book การพยาบาล
Book การพยาบาล
WY106 ส743ก ฉ.2 
  Barcode: 23027
ห้องสมุดวิทยาเขตนครสวรรค์
►ส่วนจัดเก็บหนังสือเก่า นว.
บนชั้น
  ขอยืม

รายการใกล้เคียง
    หัวเรื่อง [ใบประกอบวิชาชีพ]
    หัวเรื่อง [การพยาบาล]
    หัวเรื่อง [สอบใบประกอบวิชาชีพ]
    หัวเรื่อง [ทบทวนใบประกอบวิชาชีพ]
    หัวเรื่อง [อนามัยชุมชน]

BibComment


ยังไม่เคยถูกคอมเมนท์

คอมเมนท์ทรัพยากรรายการนี้
  คอมเมนท์: การพยาบาลอนามัยช..


 Copyright 2026. Bcnsprnw @Library